The big Idea (Record no. 190478)

MARC details
000 -LEADER
fixed length control field 00299nam a22001457a 4500
003 - CONTROL NUMBER IDENTIFIER
control field OSt
020 ## - INTERNATIONAL STANDARD BOOK NUMBER
International Standard Book Number 9781846682742
082 ## - DEWEY DECIMAL CLASSIFICATION NUMBER
Classification number 659.2
Item number JON/TH
100 ## - MAIN ENTRY--PERSONAL NAME
Personal name Jones Robert
245 ## - TITLE STATEMENT
Title The big Idea
250 ## - EDITION STATEMENT
Edition statement 1
260 ## - PUBLICATION, DISTRIBUTION, ETC. (IMPRINT)
Place of publication, distribution, etc. London
Name of publisher, distributor, etc. Profile books
Date of publication, distribution, etc. 2009
300 ## - PHYSICAL DESCRIPTION
Extent 230p.
942 ## - ADDED ENTRY ELEMENTS (KOHA)
Source of classification or shelving scheme Dewey Decimal Classification
Koha item type Books (General)
Holdings
Withdrawn status Lost status Source of classification or shelving scheme Damaged status Not for loan Collection code Home library Current library Shelving location Date acquired Cost, normal purchase price Total Checkouts Full call number Date last seen Price effective from Koha item type
    Dewey Decimal Classification     English Fiction College of Co-operation, Banking & Management Library, Vellanikkara College of Co-operation, Banking & Management Library, Vellanikkara   27/11/2017 295.00   659.2 JON/TH 27/11/2017 27/11/2017 Books (General)
Kerala Agricultural University Central Library
Thrissur-(Dt.), Kerala Pin:- 680656, India
Ph : (+91)(487) 2372219
E-mail: librarian@kau.in
Website: http://library.kau.in/